000 00620nam a22001817a 4500
003 LC
005 20170210114500.0
008 170210b xxu||||| |||| 00| 0 eng d
050 _aTT 297 H233 2016
100 _aHan, Han
245 _aPolymer clay Chinese style
_bunique home decorating projects that bridge Western crafts and Oriental arts /
_cHan Han ; [translation: Kitty Lau]
260 _aNew York, NY :
_bBetter Link Press,
_c2016
300 _a132 pages :
_bcolor illustrations ;
_c27 cm
500 _aTranslated from the Chinese.
650 _aPolymer clay craft.
700 _aLau, Kitty
942 _2lcc
_cBK
999 _c306691
_d306691